000 00541nam a2200205 a 4500
001 BRCA_4197
005 20190320204600.0
008 280510s1987----mx-a######---#000-0#spa-#
020 _a9687266023
041 _aspa
044 _amx
050 4 _aNX652
_b.M85 1987
245 1 0 _aLa mujer mexicana en el arte.
260 _aMéxico
_bBancreser
_c1987
300 _a209 p.
_bil. (algunas a color)
_c31 cm.
504 _aBibliografĂ­a: p. [211-212]
650 1 4 _aMujeres en el arte
_91575
650 1 4 _aArte mexicano
_92321
942 _2lcc
_cB
999 _c3913
_d3913